000 00344nam a22001217a 4500
020 _a0321228758
082 _222
_a005.1
100 _aTockey, Steve.
245 _aReturn on software :
_bmaxmixing the retrun on your osftware investment /
260 _aUSA,
_bAddison Wesley,
_cc2005.
300 _axxxxii, 621p. ;
_bill. ;
_c24 cm.
942 _2ddc
_cIT
999 _c1830
_d1830